|
|
|
|
| LEADER |
00000nam0a2200000 4500 |
| 001 |
342479 |
| 005 |
20240105125740.0 |
| 010 |
|
|
|a 9785913680808
|
| 035 |
|
|
|a (RuTPU)RU\TPU\book\371530
|
| 035 |
|
|
|a RU\TPU\retro\5083
|
| 090 |
|
|
|a 342479
|
| 100 |
|
|
|a 20190304d2016 m y0rusy50 ca
|
| 101 |
0 |
|
|a rus
|
| 102 |
|
|
|a RU
|
| 105 |
|
|
|a a j 001zy
|
| 200 |
1 |
|
|a Экономическая теория: макроэкономика неоиндустриального развития
|e учебное пособие
|f С. А. Жиронкин, И. И. Лямкин, М. А. Гасанов, К. А. Колотов
|g Российский экономический университет им. Г. В. Плеханова (РЭУ), Кемеровский институт (филиал)
|
| 210 |
|
|
|a Кемерово
|c [Б. и.]
|d 2016
|
| 215 |
|
|
|a 196 с.
|c ил.
|
| 320 |
|
|
|a Библиогр.: с. 190-195
|
| 330 |
|
|
|a Представлены различные аспекты макроэкономики как ключевого раздела современной экономической теории. Системно рассмотрены вопросы комплекса показателей динамики и структуры системы общественного воспроизводства, макроэкономического равновесия и экономического роста, мирового экономического хозяйства, государственного регулирования экономики. Особое внимание уделено вопросам инновационного развития промышленности и неоиндустриализации, их влиянию на различные процессы в системе национальной экономики. Предназначено для студентов, обучающихся по направлениям подготовки: 38.03.01 "Экономика", 38.03.02 "Менеджмент", специальности 38.05.01 "экономическая безопасность", всех форм обучения, представляет интерес для аспирантов, научных сотрудников, руководящих работников фирм и организаций, занятых в экономической деятельности.
|
| 606 |
1 |
|
|a Макроэкономика
|2 stltpush
|3 (RuTPU)RU\TPU\subj\36372
|9 57778
|
| 610 |
1 |
|
|a экономика
|
| 610 |
1 |
|
|a макроэкономические показатели
|
| 610 |
1 |
|
|a общественное производство
|
| 610 |
1 |
|
|a макроэкономическое равновесие
|
| 610 |
1 |
|
|a инновационное развитие
|
| 610 |
1 |
|
|a промышленность
|
| 610 |
1 |
|
|a экономический рост
|
| 610 |
1 |
|
|a государственное регулирование
|
| 610 |
1 |
|
|a неоиндустриализация
|
| 610 |
1 |
|
|a импортозамещение
|
| 610 |
1 |
|
|a учебные пособия
|
| 610 |
1 |
|
|a труды учёных ТПУ
|
| 686 |
|
|
|a У012.2я73
|2 rubbk
|
| 701 |
|
1 |
|a Жиронкин
|b С. А.
|c экономист
|c профессор Томского политехнического университета, доктор экономических наук
|f 1975-
|g Сергей Александрович
|3 (RuTPU)RU\TPU\pers\33504
|9 17172
|
| 701 |
|
1 |
|a Лямкин
|b И. И.
|g Игорь Ильич
|
| 701 |
|
1 |
|a Гасанов
|b М. А.
|c экономист
|c профессор Томского политехнического университета, доктор экономических наук
|f 1963-
|g Магеррам Али оглы
|3 (RuTPU)RU\TPU\pers\28713
|9 13510
|
| 701 |
|
1 |
|a Колотов
|b К. А.
|g Константин Александрович
|
| 712 |
0 |
2 |
|a Российский экономический университет им. Г. В. Плеханова (РЭУ)
|b Кемеровский институт (филиал)
|3 (RuTPU)RU\TPU\col\25458
|
| 801 |
|
1 |
|a RU
|b 63413507
|c 20190301
|
| 801 |
|
2 |
|a RU
|b 63413507
|c 20200721
|g RCR
|
| 942 |
|
|
|c BK
|